Keeping heads above water: salvadorean refugees in Costa Rica
Uloženo v:
| Hlavní autor: | |
|---|---|
| Médium: | Text |
| Vydáno: |
Montreal:
McGill-Queen's University Press
|
| Témata: | |
| Tagy: |
Přidat tag
Žádné tagy, Buďte první, kdo vytvoří štítek k tomuto záznamu!
|
MARC
| LEADER | 00000 a a2200000 04500 | ||
|---|---|---|---|
| 001 | 31157 | ||
| 003 | |||
| 040 | |||
| 020 | |a 0-7735-0977-I | ||
| 090 | |a 197700 | ||
| 100 | |a Basok, Tanya | ||
| 245 | |a Keeping heads above water: salvadorean refugees in Costa Rica | ||
| 260 | |a Montreal: |b McGill-Queen's University Press | ||
| 300 | |a 159 p. | ||
| 650 | |a REFUGIADOS | ||
| 650 | |a MIGRACION FORZADA | ||
| 650 | |a CONFLICTOS POLITICOS | ||
| 650 | |a GUERRA CIVIL | ||
| 650 | |a LEGISLACION SOBRE INMIGRACION | ||
| 650 | |a LEGISLACION LABORAL | ||
| 650 | |a DESEMPLEO | ||
| 650 | |a SECTOR INFORMAL | ||
| 650 | |a POLITICA EXTERIOS | ||
| 650 | |a ACNUR | ||
| 999 | |c 9430 |d 9430 | ||
